000 00420pam a2200169 a 4500
020 _a0721691846
_c
041 _aeng
082 _a616.4
_bKRO / LAR
100 _aKRONENBERT, M .
245 _aWILLIAMS TEXT BOOK OF ENDOCRINOLOGY /
_hTextual Documents
250 _a10 ED.
260 _a[s.l]:
_bSAUNDERS , ,
_c2003.
300 _a1927 ;
_cA4.
700 _aLARSEN, P .
930 _a145
999 _c794681
_d794681
650 _aGEN.MEDICINE